New directions in Eliot studies / (Record no. 130153)

MARC details
000 -LEADER
fixed length control field 00704nam a22002297a 4500
005 - DATE AND TIME OF LATEST TRANSACTION
control field 20170124110108.0
010 ## - LIBRARY OF CONGRESS CONTROL NUMBER
LC control number A-423338
020 ## - INTERNATIONAL STANDARD BOOK NUMBER
Terms of availability 150.00
International Standard Book Number 8185119937
035 ## - SYSTEM CONTROL NUMBER
System control number A-423338
037 ## - SOURCE OF ACQUISITION
Source of stock number/acquisition Cen Lib/Ret
040 ## - CATALOGING SOURCE
Original cataloging agency DPL
Language of cataloging EN
082 ## - DEWEY DECIMAL CLASSIFICATION NUMBER
Classification number 881
Item number NEW
245 ## - TITLE STATEMENT
Title New directions in Eliot studies /
Statement of responsibility, etc edited by R.S. Pathak
260 ## - PUBLICATION, DISTRIBUTION, ETC. (IMPRINT)
Place of publication, distribution, etc New Delhi
Name of publisher, distributor, etc Northern Book Centre
Date of publication, distribution, etc 1990
270 ## - ADDRESS
City New Delhi
Address 4221/1, Ansari Road, Daryaganj
Postal code 110002
300 ## - PHYSICAL DESCRIPTION
Extent 167p.
Dimensions 21cm(Hb)
500 ## - GENERAL NOTE
General note Includes index
650 ## - SUBJECT ADDED ENTRY--TOPICAL TERM
Topical term or geographic name as entry element English literature
9 (RLIN) 101250
650 ## - SUBJECT ADDED ENTRY--TOPICAL TERM
Topical term or geographic name as entry element Critical study
General subdivision English literature
9 (RLIN) 28454
700 ## - ADDED ENTRY--PERSONAL NAME
Personal name Pathak, R.S.
9 (RLIN) 101251
942 ## - ADDED ENTRY ELEMENTS (KOHA)
Source of classification or shelving scheme Dewey Decimal Classification
Koha item type English Books
Classification part 881
Call number suffix NEW
Holdings
Withdrawn status Lost status Damaged status Not for loan Home library Current library Date acquired Source of acquisition Cost, normal purchase price Total Checkouts Full call number Barcode Date last seen Copy number Cost, replacement price Price effective from Koha item type
        Central Library Central Library 08/07/2015 Cen Lib/Ret 150.00   881 NEW A-423338 08/07/2015 1 150.00 08/07/2015 English Books

© Delhi Public Library
Hit Counter
free hit counter